Normal view MARC view

Entry Personal Name

Number of records used in: 2

001 - CONTROL NUMBER

  • control field: 29786

003 - CONTROL NUMBER IDENTIFIER

  • control field: dpl

005 - DATE AND TIME OF LATEST TRANSACTION

  • control field: 20110721103559.0

008 - FIXED-LENGTH DATA ELEMENTS

  • fixed length control field: 110721|||a|||||| | ||| d

040 ## - CATALOGING SOURCE

  • Original cataloging agency: dpl
  • Transcribing agency: dpl

100 ## - HEADING--PERSONAL NAME

  • Personal name: Mothiki, Suryaprakash Rao

670 ## - SOURCE DATA FOUND

  • Source citation: Work cat.: (dpl): Millman, Jacob 29762 1911-, Millman's pulse, digital, and switching waveforms /, 2011

670 ## - SOURCE DATA FOUND

  • Source citation: Work cat.: (dpl): Millman, Jacob 29762 1911-, Millman's pulse, digital, and switching waveforms /, 2011

© Delhi Public Library
Hit Counter
free hit counter